MyGZULibrary

Glanville Williams : (Record no. 3121)

MARC details
000 -LEADER
fixed length control field 01328cam a2200385 a 4500
001 - CONTROL NUMBER
control field 14641115
003 - CONTROL NUMBER IDENTIFIER
control field GZU
005 - DATE AND TIME OF LATEST TRANSACTION
control field 20201118084048.0
008 - FIXED-LENGTH DATA ELEMENTS--GENERAL INFORMATION
fixed length control field 061120s2006 enk b 001 0 eng
010 ## - LIBRARY OF CONGRESS CONTROL NUMBER
LC control number 2006494885
015 ## - NATIONAL BIBLIOGRAPHY NUMBER
National bibliography number GBA627383
Source bnb
016 7# - NATIONAL BIBLIOGRAPHIC AGENCY CONTROL NUMBER
Record control number 013414626
Source Uk
020 ## - INTERNATIONAL STANDARD BOOK NUMBER
International Standard Book Number 9780414041738
035 ## - SYSTEM CONTROL NUMBER
System control number (OCoLC)ocm64554912
035 ## - SYSTEM CONTROL NUMBER
System control number (OCoLC)64554912
040 ## - CATALOGING SOURCE
Original cataloging agency UKM
Transcribing agency UKM
Modifying agency YDXCP
-- OCLCQ
-- DLC
043 ## - GEOGRAPHIC AREA CODE
Geographic area code e-uk---
050 00 - LIBRARY OF CONGRESS CALL NUMBER
Classification number KD442
Item number .W54 2010
082 04 - DEWEY DECIMAL CLASSIFICATION NUMBER
Classification number 349.41
Edition number 22
100 1# - MAIN ENTRY--PERSONAL NAME
Personal name Williams, Glanville
Fuller form of name (Glanville Llewelyn),
Dates associated with a name 1911-1997.
245 10 - TITLE STATEMENT
Title Glanville Williams :
Remainder of title learning the law /
Statement of responsibility, etc. by Glanville Williams.
246 3# - VARYING FORM OF TITLE
Title proper/short title Learning the law
250 ## - EDITION STATEMENT
Edition statement 14th ed. /
Remainder of edition statement edited by A.T.H. Smith.
260 ## - PUBLICATION, DISTRIBUTION, ETC.
Place of publication, distribution, etc. London :
Name of publisher, distributor, etc. Sweet & Maxwell,
Date of publication, distribution, etc. 2010.
300 ## - PHYSICAL DESCRIPTION
Extent viii, 273 p. ;
500 ## - GENERAL NOTE
General note Previous ed: 2006.
504 ## - BIBLIOGRAPHY, ETC. NOTE
Bibliography, etc. note Includes bibliographical references and index.
650 #0 - SUBJECT ADDED ENTRY--TOPICAL TERM
Topical term or geographic name entry element Law
Geographic subdivision Great Britain.
650 #0 - SUBJECT ADDED ENTRY--TOPICAL TERM
Topical term or geographic name entry element Practice of law
Geographic subdivision Great Britain.
650 #0 - SUBJECT ADDED ENTRY--TOPICAL TERM
Topical term or geographic name entry element Law
Geographic subdivision Great Britain
General subdivision Interpretation and construction
Form subdivision Problems, exercises, etc.
700 1# - ADDED ENTRY--PERSONAL NAME
Personal name Smith, A. T. H.
906 ## - LOCAL DATA ELEMENT F, LDF (RLIN)
a 7
b cbc
c origres
d 2
e ncip
f 20
g y-gencatlg
942 ## - ADDED ENTRY ELEMENTS (KOHA)
Source of classification or shelving scheme Library of Congress Classification
Koha item type Books
Edition 14th ed.
Classification part 442
Item part WIL
Call number prefix KD
Call number suffix 2010
Holdings
Withdrawn status Lost status Damaged status Not for loan Collection code Home library Current library Shelving location Date acquired Total Checkouts Full call number Barcode Date last seen Copy number Price effective from Koha item type Source of classification or shelving scheme
        Non-fiction City Campus Library City Campus Library General Stacks 11/18/2020   KD442 WIL 2010 027206 11/18/2020 c.1 11/18/2020 Books  
          Law Library Law Library General Stacks 11/23/2020   KD442 WIL 2013 000486 11/23/2020 c-2 11/23/2020 Books Library of Congress Classification